[Event "Smith & Williamson YM Rated 13th"]
[Site "Millfield"]
[Date "2003.07.17"]
[Round "11"]
[White "Kononenko, Daniil"]
[Black "Bareham, David C"]
[Result "0-1"]
[WhiteElo "2193"]
[BlackElo "2162"]
[PlyCount "78"]
[EventDate "2003.07.09"]
[EventType "swiss"]
[EventRounds "11"]
[EventCountry "ENG"]
[SourceTitle "CBM 095 Extra"]
[Source "ChessBase"]
[SourceDate "2003.09.04"]
[SourceVersion "1"]
[SourceVersionDate "2003.09.04"]
[SourceQuality "1"]

1. e4 e6 2. d4 d5 3. e5 c5 4. c3 Nc6 5. Nf3 Bd7 6. Be2 f6 7. 0-0 fxe5 8. dxe5 Qc7 9. Re1 0-0-0 10. Bd3 h6 11. h4 Nge7 12. Na3 a6 13. Nc2 Kb8 14. a3 Nc8 15. c4 Be7 16. Rb1 dxc4 17. Bxc4 Na5 18. Qe2 Nxc4 19. Qxc4 Nb6 20. Qg4 Rdg8 21. Be3 Nd5 22. b4 Nxe3 23. Nxe3 g5 24. h5 Rf8 25. g3 Bc6 26. Nd2 Qxe5 27. Nec4 Qd5 28. Qe4 Qxe4 29. Nxe4 cxb4 30. axb4 Rd8 31. Ne5 Be8 32. Nc5 Rd6 33. Nc4 Rd4 34. Ne5 Bxh5 35. Nxa6+ Kc8 36. Rbc1+ Kd8 37. Nc7 Rd6 38. g4 Be8 39. Nxe8 Rxe8 0-1

[Event "Smith & Williamson YM Rated 13th"]
[Site "Millfield"]
[Date "2003.07.11"]
[Round "1"]
[White "Kononenko, Daniil"]
[Black "Pym, Thomas TW"]
[Result "1-0"]
[WhiteElo "2193"]
[BlackElo "2005"]
[PlyCount "67"]
[EventDate "2003.07.09"]
[EventType "swiss"]
[EventRounds "11"]
[EventCountry "ENG"]
[SourceTitle "CBM 095 Extra"]
[Source "ChessBase"]
[SourceDate "2003.09.04"]
[SourceVersion "1"]
[SourceVersionDate "2003.09.04"]
[SourceQuality "1"]

1. e4 c5 2. Nc3 g6 3. g3 Bg7 4. Bg2 Nc6 5. d3 e6 6. Be3 d6 7. Qd2 a6 8. Nge2 Nd4 9. Nc1 Rb8 10. Nd1 b5 11. c3 Nc6 12. d4 cxd4 13. cxd4 e5 14. d5 Nd4 15. Nc3 Bh3 16. 0-0 Qf6 17. f4 Bxg2 18. Kxg2 b4 19. Bxd4 exd4 20. N3e2 Ne7 21. Nd3 b3 22. axb3 0-0 23. Rxa6 Rfd8 24. b4 Nc8 25. Ne5 Rb6 26. Rxb6 Nxb6 27. Nc6 Nc4 28. Qxd4 Qxd4 29. Nexd4 Bxd4 30. Nxd8 Ne3+ 31. Kf2 Nxf1+ 32. Kxf1 Bxb2 33. Ke2 Bd4 34. Nb7 1-0